|
|
|
|
| LEADER |
01494nam a2200337 a 4500 |
| 001 |
27481 |
| 003 |
BD-DhAAL |
| 005 |
20130916152911.0 |
| 008 |
130916s1986 nyua b 001 0 eng |
| 010 |
|
|
|a 85027856
|
| 020 |
|
|
|a 0387962409
|
| 020 |
|
|
|a 3540962409
|
| 040 |
|
|
|a DLC
|c DLC
|d DLC
|d BD-DhAAL
|
| 050 |
0 |
0 |
|a QA1
|b .A647 vol. 61
|a QA387
|
| 082 |
0 |
0 |
|a 512/.55
|2 19
|
| 100 |
1 |
|
|a Sattinger, David H.
|9 3101
|
| 245 |
1 |
0 |
|a Lie groups and algebras with applications to physics, geometry, and mechanics /
|c D.H. Sattinger, O.L. Weaver.
|
| 260 |
|
|
|a New York :
|b Springer-Verlag,
|c c1986.
|
| 300 |
|
|
|a ix, 215 p. :
|b ill. ;
|c 25 cm.
|
| 490 |
|
|
|a Applied mathematical sciences ;
|v v. 61
|
| 504 |
|
|
|a Includes bibliography (p. [208]-211.) and index
|
| 541 |
|
|
|e 27481
|
| 650 |
|
0 |
|a Lie groups.
|9 3102
|
| 650 |
|
0 |
|a Lie algebras.
|9 3103
|
| 700 |
1 |
|
|a Weaver, O. L.
|9 3104
|
| 830 |
|
0 |
|a Applied mathematical sciences (Springer-Verlag New York Inc.) ;
|v v. 61.
|9 3105
|
| 856 |
4 |
2 |
|3 Publisher description
|u http://www.loc.gov/catdir/enhancements/fy0902/85027856-d.html
|
| 942 |
|
|
|2 ddc
|c BK
|
| 999 |
|
|
|c 13971
|d 13971
|
| 952 |
|
|
|0 0
|1 0
|2 ddc
|4 0
|6 512_550000000000000_SAT
|7 0
|9 23407
|a BRACUL
|b BRACUL
|c GEN
|d 2013-09-16
|e Trim Education
|g 4875.00
|l 3
|m 43
|o 512.55 SAT
|p 3010027481
|r 2025-02-09
|s 2024-06-13
|t 1
|w 2013-09-16
|y BK
|
| 952 |
|
|
|0 0
|1 0
|2 ddc
|4 0
|6 512_550000000000000_SAT
|7 0
|9 23408
|a BRACUL
|b BRACUL
|c GEN
|d 2013-09-16
|e Trim Education
|g 4875.00
|l 3
|m 17
|o 512.55 SAT
|p 3010027482
|r 2025-02-19
|s 2024-06-30
|t 2
|w 2013-09-16
|y BK
|